The second international conference on the editerranean coastal environment (Record no. 558)

MARC details
000 -BAŞLIK
Sabit Uzunlukta Kontrol Alanı 01084na a2200301 4500
001 - KONTROL NUMARASI
Denetim Alanı 18109
003 - KONTROL NUMARASI IDENTIFIER
Denetim Alanı MIRAKIL
005 - SON İŞLEM TARİHİ VE ZAMANI
Denetim Alanı 20181213154753.0
008 - SABİT-BOY VERİ ELEMANLARI - GENEL BİLGİLER
Sabit Uzunlukta Kontrol Alanı 161111b tu 000 0
020 ## - ULUSLARARASI STANDART KİTAP NUMARASI
Uluslararası Standart Kitap Numarası 9754290563
020 ## - ULUSLARARASI STANDART KİTAP NUMARASI
Uluslararası Standart Kitap Numarası 9754290555 (tk. no)
040 ## - KATALOGLAMA KAYNAK
Orijinal Kataloglama Ajansı Milas
Kataloglama Dili tur
Metne Dönüştürmek Ajansı TR-AnCHP
041 ## - DİL KODU
Metin / Ses Parça Veya Ayrı Başlığın Dil Kodu eng
082 ## - DEWEY ONLU SINIFLANDIRMA NUMARASI
Sınıflandırma Numarası 333.917564
Ürün Numarası I57 1993
090 ## - SINIFLAMA NUMARASI
Sınıflama Numarası 333.917564 I57 1993
111 ## - ANA GİRİŞ - TOPLANTI ADI
Giriş Elemanı Olarak Toplantı Adı Veya Yargı Alanı Adı International Conference on the Mediterranean Coastal Environment
Toplantının Yeri Antalya, Turkey
Toplantı Veya Antlaşma İmzalandığı Tarihi 1993
245 ## - BAŞLIK TABLOSU
Başlık The second international conference on the editerranean coastal environment
Başlığın Kalan MEDCOAST 93
Sorumluluk Tablosu, Vb editor Erdal Özhan
246 ## - UNVAN FORM VARYING
Başlık Doğru / Kısa Başlığı MEDCOAST 93
260 ## - YAYIN, DAĞITIM, VB
Yayın, Dağıtım, Vb Yeri Ankara, Turkey
Yayıncı, Dağıtıcı, Vs Adı Civil Engineering Dept., Middle East Technical University
Yayın, Dağıtım, Vb Tarihi 1993
300 ## - FİZİKSEL TANIM
Kapsam c. 1
Diğer Fiziksel Ayrıntıları grf. , tbl. , hrt.
Boyutlar 24 sm.
504 ## - KAYNAKÇA VB NOT
Kaynakça Vb Notu Bibliyografya ve dizin var.
650 ## - KONU KATMA GİRİŞ - TOPİKAL DÖNEM
Topikal Süreli Veya Coğrafi Ad Giriş Elemanı Çevre
Form Alt Bölümü Akdeniz
Genel Alt Bölümü Toplantılar
650 ## - KONU KATMA GİRİŞ - TOPİKAL DÖNEM
Topikal Süreli Veya Coğrafi Ad Giriş Elemanı Kıyı bölgeleri
Form Alt Bölümü Akdeniz
Genel Alt Bölümü Toplantılar
650 ## - KONU KATMA GİRİŞ - TOPİKAL DÖNEM
Topikal Süreli Veya Coğrafi Ad Giriş Elemanı Kıyılar
Form Alt Bölümü Akdeniz
Genel Alt Bölümü Toplantılar
700 ## - KATMA GİRİŞ - KİŞİSEL İSİM
Kişisel Ad Özhan, Erdal
710 ## - KATMA GİRİŞ - KURUMSAL ADI
Giriş Elemanı Olarak Kurumsal Ad Veya Yargı Alanı Adı Orta Doğu Teknik Üniversitesi (Ankara, Turkey)
942 ## - EKLENDİ GİRİŞ ELEMANLARI (KOHA)
Sınıflandırma Veya Raf Düzeni Kaynak Dewey Decimal Classification
Koha Öğesi Türü Books
999 ## - SİSTEM KONTROL NUMARALARI (KOHA)
Koha Biblionumber 558
Koha Biblioitemnumber 558
Holdings
Kalıcı Konum Mevcut Konum Edinme Tarihi Edinim Kaynak Toplam Check-Out'Lar Tam Çağrı Numarası Barkod Tarih Son Görülme İtibaren Geçerli Fiyatlar Koha Öğesi Türü
CHP Kütüphanesi CHP Kütüphanesi 11/11/2016 Bağış   333.917564 I57 1993 008606 11/11/2016 11/11/2016 Books